000 00817na a2200253 4500
001 21995
003 MIRAKIL
005 20181213155151.0
008 170213b tu 000 0
040 _aMilas
_btur
_cTR-AnCHP
041 _atur
082 _aCHP 363.73
_bA53s [1994]
090 _aCHP 363.73 A53s [1994]
100 _aAnadol, Kemal
_cCHP MYK Üyesi
245 _aSiyasi partilerin programlarında çevre
_cKemal Anadol
260 _aAnkara
_b[yayl. y.]
_c1994
300 _a21 s.
_c21 sm.
610 _aCumhuriyet Halk Partisi (CHP)
_xÇevre politikaları
610 _aCumhuriyet Halk Partisi (CHP)
_xProgramlar, 1994
_yÇevre
650 _aParti programları
_xÇevre
650 _aSiyasal partiler
_xProgramlar
_yÇevre
942 _2ddc
_cBKS
999 _c7859
_d7859